NRJ Music Awards 2022 - Les gagnants - Statistiques

Statistiques générales
  • Ce quiz a été pris 54 fois
  • Le résultat moyen est 9 sur 20
Statistiques - réponses
Hint Réponse % Correct
DJ de l'année David Guetta
85%
Artiste féminine francophone Angele
77%
Artiste masculin international Ed Sheeran
69%
Groupe/duo francophone Bigflo et Oli
65%
Tournée francophone Orelsan
58%
Award d'honneur (fille) Jenifer
52%
Artiste féminine internationale Lady Gaga
48%
Groupe/duo internationale Imagine Dragons
46%
Award d'honneur (garçon) Renaud
46%
Artiste masculin francophone Orelsan
40%
Clip francophone Coup de vieux (Bigflo et Oli feat J. Doré)
37%
Chanson internationale As it was (Harry Styles)
35%
Révélation francophone Lujipeka
35%
Collaboration francophone Coup de vieux (Bigflo et Oli feat J. Doré)
31%
Révélation internationale Sofia Carson
31%
Reprise / adaptation Suavemente (Soolking)
31%
Clip international As it was (Harry Styles)
27%
Chanson francophone Qui on est (M. Pokora)
27%
Social hit Tout va bien (Alonzo feat Naps)
27%
Collaboration internationale Bam Bam (C. Cabello feat Ed Sheeran)
17%
Aucun quiz correspondant
Distribution des résultats
% des personnes avec chaque résultat
Percentile par nombre de réponses
Votre historique - résultats
Vous n’avez pas pris ce quiz